000 01144nam a2200277Ia 4500
003 OSt
005 20220930093354.0
006 a|||||r|||| 00| 0
007 ta
008 220926b |||||||| |||| 00| 0 eng d
024 _a36208
037 _cTheses
040 _aCRL
_cCRL
_beng
041 _2eng
_aeng
100 _aKumar Naresh Au.
_9551018
110 _aUniversity of Delhi. Faculty of Interdisciplinary & Applied Sciences. Department of Microbiology
_9551817
245 0 _aExpression analysis of an array of genes of mycobacterium tubrculosis clinical isolates from pulmonary tuberculosis and lymph node tuberculosis
_b search for mycobacterial factors associated with differential clinical manifestation
260 _c2016
300 _aiv,118p.
_ap.
_ccm.
650 _aMICROBIOLOGY
700 _a Prof. Mandira Varma Basil Gu.
_9551818
700 _a Prof. Mirdula Bose Gu.
700 _aUniversity of Delhi. Faculty of Interdisciplinary & Applied Sciences. Department of Microbiology
_9551819
942 _cDIS
_2CC
999 _c885293
_d885293